00456nam a22001337a 4500003000400000008004100004082001700045100002500062245015300087260003200240300001000272502001500282650002500297OSt260424b |||||||| |||| 00| 0 eng d a634.44bV67E aVidyarthi, Kapilmuni aEffect of Calcium, Potassium and Growth Substances on Fruit Development and Quality Characters of Fruits in Mango (Mangifera Indica L.) CV. Amrapali aPusa, SamastipurbRAUc1996 a105P. bMsc.d1996 aFruit and Fruit Tech